000 00780cam a2200157 4500500
005 20260322011709.0
041 _afre
042 _adc
100 1 0 _aComeau, Geneviève
_eauthor
245 0 0 _aQuelle espérance pour le dialogue interreligieux ?
260 _c2005.
500 _a84
520 _aRésuméDepuis quelques années, l’interreligieux a le vent en poupe. Pourtant, des signes de découragement se font sentir. N’est-on pas en train de tourner en rond ? Certains ont l’impression d’un nivellement des religions, et s’inquiètent d’une rhétorique « religieusement correcte ».
786 0 _nÉtudes | 402 | 2 | 2005-02-01 | p. 209-220 | 0014-1941
856 4 1 _uhttps://shs.cairn.info/revue-etudes-2005-2-page-209?lang=fr&redirect-ssocas=7080
999 _c1766746
_d1766746